000 00689cam a2200193 4500
008 000000n2000 000 0 eng u
020 _a0101469322
035 _a(Sirsi) u106184
041 _aeng
050 _a614.76
_c18
110 _aUnited Kingdom
_bDepartment of the Environment, Transport and the Regions
_93507
245 _aWaste strategy 2000 for England and Wales
260 _aLondon
_bStationery Office
_b2000
350 _a10
490 _aCm
_v4693
690 _aENVIRONMENTAL AND LAND CONSULTANCY-WASTE MANAGEMENT
856 _uhttps://www.defra.gov.uk/environment/waste/strategy/cm4693/index.htm
_vView the strategy free of charge at www.defra.gov.uk...
942 _n0
999 _c100536
_d100536